Tribhuvan University Central Library

Kamrupa; itihasmulak kavya (Record no. 14834)

MARC details
000 -LEADER
fixed length control field 003980000a22001810004500
082 ## - DEWEY DECIMAL CLASSIFICATION NUMBER
Classification number N895.511
Item number 11316k
-- CS
041 ## - LANGUAGE CODE
Language code of text/sound track or separate title Nep
100 ## - MAIN ENTRY--PERSONAL NAME
Personal name Upadhyaya, Chavilal
245 ## - TITLE STATEMENT
Title Kamrupa; itihasmulak kavya
260 ## - PUBLICATION, DISTRIBUTION, ETC. (IMPRINT)
Place of publication, distribution, etc Sonitpur
Name of publisher, distributor, etc Devaraj Upadhyay, India
260 ## - PUBLICATION, DISTRIBUTION, ETC. (IMPRINT)
Date of publication, distribution, etc 1995
300 ## - PHYSICAL DESCRIPTION
Extent 90p.
365 ## - TRADE PRICE
Price type code I.C. 25.00
518 ## - DATE/TIME AND PLACE OF AN EVENT NOTE
Date/time and place of an event note 980123
530 ## - ADDITIONAL PHYSICAL FORM AVAILABLE NOTE
Additional physical form available note M
650 ## - SUBJECT ADDED ENTRY--TOPICAL TERM
Topical term or geographic name as entry element Literature
942 ## - ADDED ENTRY ELEMENTS (KOHA)
Koha item type General Collections
Holdings
Withdrawn status Lost status Damaged status Not for loan Home library Current library Date acquired Total Checkouts Barcode Date last seen Price effective from
        Tribhuvan University Central Library Tribhuvan University Central Library 06/20/2010   G44204 06/20/2010 06/20/2010